000 00538nam a2200181Ia 4500
008 151018s9999 xx 000 0 und d
082 _bRBASDV6206
_a891.463
100 _aना के शिरोडकर
245 _aगालबोट
250 _b1
260 _bशेठ हिरजी मोह्नजी
_c1941
300 _a184
600 _aना के शिरोडकर
630 _aगालबोट
700 _aना के शिरोडकर
730 _aगालबोट
942 _cBOOK
999 _c1008584
_d1008581